Music Quiz

Random Music or Clickable Quiz

Who sang it? 2! Quiz Stats

 Plays Quiz not verified by Sporcle

Challenge
Share
Tweet
Embed
Score 0/20 Timer 10:00
0 Plays Today
% Correct
Katy Perry
97.9%
Adele
95.8%
Lady Gaga Ft. Akon
93.8%
LMFAO
93.8%
Maroon 5
89.6%
Carrie Underwood
89.6%
One Direction
83.3%
Rihanna
81.3%
Nicki Minaj
75%
Kesha
75%
% Correct
Taylor Swift
72.9%
Pitbull
72.9%
Bruno Mars
64.6%
Brittney Spears
62.5%
Justin Bieber
54.2%
Selena Gomez Ft. The Scene
54.2%
Lil Wayne
54.2%
Sean Kingston
31.3%
Big Time Rush
27.1%
Chris Brown
25%

You're not logged in!

Compare scores with friends on all Sporcle quizzes.
Join for Free
OR
Log In

You Might Also Like...

Show Comments

Extras

Top Quizzes Today


Score Distribution

Your Account Isn't Verified!

In order to create a playlist on Sporcle, you need to verify the email address you used during registration. Go to your Sporcle Settings to finish the process.

Report this User

Report this user for behavior that violates our Community Guidelines.

Details: